000 00507nam a2200181 i 4500
001 70662
003 ES-MaACL
005 20240418063109.0
007 t|
008 040729s1958 sp ||||1| spa d
100 1 _aGarfias, Francisco,
_d1921-2010
_955528
245 1 0 _aJuan Ramón Jiménez.
250 _a[1ª ed.].
260 _aMadrid :
_bTaurus,
_c[1958] (
_fNuevas Gráficas)
300 _a264 p., 12 lám. ;
_c21 cm.
852 _aES-MaACL
_jC-17644
_bR.45361
999 _c70662
_d70662